000 00551nam a2200193 4500
001 143641
003 ES-MaACL
005 20230906200847.0
007 t|
008 070214s1935 xxk r ||||1| eng d
100 1 _aSerjeantson, Mary S.
_9105557
245 1 0 _aA history of foreign words in english /
_cMary S. Serjeantson.
260 _aLondon :
_bStephen Austin and Sons,
_c1935.
300 _aVIII, 354 p. ;
_c22 cm.
650 4 _914274
_aLengua inglesa
_xEtimologĂ­a
852 _aES-MaACL
_jA-3556
942 _2udc
999 _c143641
_d143641